[Event "20th WCh U20 Girls"]
[Site "Panaji IND"]
[Date "2002.12.10"]
[Round "2"]
[White "Nimmy, A. G."]
[Black "Coimbra, Margarida Goncalves"]
[Result "1-0"]
[WhiteElo "2004"]
[BlackElo "2082"]
[EventDate "2002.12.09"]
[PlyCount "92"]

1.e4 e5 2.Nf3 Nc6 3.Bc4 Bc5 4.c3 Nf6 5.d4 exd4 6.e5 d5 7.Bb5 Ne4 8.cxd4 
Bb4+ 9.Bd2 Nxd2 10.Nbxd2 Bd7 11.Be2 O-O 12.O-O Bf5 13.Rc1 f6 14.Bb5 Ne7 
15.a3 c6 16.Be2 Ba5 17.exf6 Rxf6 18.Ne5 Bb6 19.Nb3 Ng6 20.f4 Qe7 21.Nc5 
Raf8 22.Qd2 Bc8 23.Nxg6 Rxg6 24.Bf3 Qh4 25.b4 Kh8 26.Rce1 Bc7 27.Nd3 Re6 
28.g3 Qf6 29.Ne5 Re7 30.Bg2 Rfe8 31.Re3 Qd6 32.Nf7+ Rxf7 33.Rxe8+ Rf8 34.
Rfe1 Bd7 35.Rxf8+ Qxf8 36.Qe3 Bd6 37.Bf3 Kg8 38.Qe2 Qf6 39.Rd1 Bc7 40.Bg4 
Bxg4 41.Qxg4 Bb6 42.f5 a5 43.Qf4 axb4 44.Qb8+ Qf8 45.Qxb7 Bd8 46.axb4 Qxf5
1-0

[Event "20th WCh U20 Girls"]
[Site "Panaji IND"]
[Date "2002.12.10"]
[Round "3"]
[White "Humpy, Koneru"]
[Black "Zhao Xue"]
[Result "1/2-1/2"]
[WhiteElo "2484"]
[BlackElo "2367"]
[EventDate "2002.12.09"]
[PlyCount "118"]

1.Nf3 Nf6 2.d4 e6 3.c4 d5 4.Nc3 Bb4 5.Bg5 Nbd7 6.Qb3 c5 7.cxd5 exd5 8.Bd2 
Bxc3 9.Bxc3 O-O 10.e3 b6 11.Be2 Bb7 12.dxc5 Nxc5 13.Qa3 Nfe4 14.Bd4 Ne6 
15.O-O Nxd4 16.Nxd4 Qd6 17.Qd3 Rac8 18.Rad1 Qb4 19.Qb5 Qxb5 20.Bxb5 Nd6 
21.Bd3 Nc4 22.Bf5 Rc7 23.b3 Nd6 24.Rc1 Rc5 25.b4 Rc4 26.Bd3 Rxb4 27.Rc7 
Rb8 28.Rfc1 Ne8 29.Rd7 Rb2 30.a4 Ra2 31.Bb5 Kf8 32.Nf5 a6 33.Bf1 Rxa4 34.
Nd6 Nxd6 35.Rxd6 Ba8 36.Rc7 Kg8 37.Rxb6 Re8 38.Rxa6 Rxa6 39.Bxa6 g6 40.Kf1
Kg7 41.Ke2 Kf6 42.Kd3 Re7 43.Rxe7 Kxe7 44.Kd4 Kd6 45.Bb5 f6 46.Bd3 Bc6 47.
h4 Bd7 48.f3 Be8 49.h5 gxh5 50.Bxh7 h4 51.Bf5 Bb5 52.Bh3 Bc6 53.Bg4 Bb7 
54.f4 Ba6 55.Bf3 Bc4 56.Bg4 Bf1 57.Bf3 Bc4 58.Bg4 Bf1 59.Bf3 Bc4 1/2-1/2

[Event "20th WCh U20 Girls"]
[Site "Panaji IND"]
[Date "2002.12.10"]
[Round "3"]
[White "Calotescu, Ana-Cristina"]
[Black "Kosintseva, Tatiana"]
[Result "1/2-1/2"]
[WhiteElo "2324"]
[BlackElo "2427"]
[EventDate "2002.12.09"]
[PlyCount "119"]

1.d4 f5 2.g3 Nf6 3.Bg2 g6 4.c4 Bg7 5.Nc3 O-O 6.Nh3 Nc6 7.O-O d6 8.Nf4 g5 
9.Nfd5 e6 10.Nxf6+ Qxf6 11.d5 Nd8 12.dxe6 Nxe6 13.Bd2 c6 14.Rc1 Bd7 15.b4 
Be8 16.Nb1 Rd8 17.Bc3 Qe7 18.Bxg7 Qxg7 19.e3 f4 20.exf4 gxf4 21.Nc3 Ng5 
22.Re1 Bg6 23.Qg4 fxg3 24.Qxg3 Bh5 25.Ne4 Nf3+ 26.Bxf3 Qxg3+ 27.hxg3 Rxf3 
28.Rc3 Rxc3 29.Nxc3 Kf7 30.f4 Bg4 31.Ne4 h6 32.a3 b6 33.Kf2 c5 34.Re3 cxb4
35.axb4 d5 36.cxd5 Rxd5 37.Ra3 a5 38.bxa5 bxa5 39.Ke3 Ke6 40.Nd2 Rc5 41.
Ne4 Rb5 42.Nc3 Rh5 43.Ne4 Ke7 44.Kd4 Be6 45.Nc3 Kd6 46.Ne4+ Kc6 47.Rc3+ 
Kb6 48.Rc5 Rh1 49.Nc3 Rh3 50.f5 Bf7 51.Rb5+ Ka6 52.Rc5 Rxg3 53.Rc6+ Kb7 
54.Rxh6 Bb3 55.Rh7+ Kb6 56.Rh6+ Kb7 57.Rh7+ Kb6 58.Rh6+ Kb7 59.Rh7+ Kb6 
60.Rh6+ 1/2-1/2

[Event "20th WCh U20 Girls"]
[Site "Panaji IND"]
[Date "2002.12.10"]
[Round "3"]
[White "Makka, Ioulia"]
[Black "Kosintseva, Nadezhda"]
[Result "0-1"]
[WhiteElo "2257"]
[BlackElo "2388"]
[EventDate "2002.12.09"]
[PlyCount "60"]

1.e4 c5 2.Nf3 d6 3.d4 cxd4 4.Nxd4 Nf6 5.Nc3 g6 6.Bg5 Bg7 7.Bb5+ Bd7 8.Qe2 
O-O 9.O-O-O Qa5 10.h4 Bxb5 11.Qxb5 Qxb5 12.Ndxb5 Nc6 13.Nc7 Rac8 14.N7d5 
Nxd5 15.Nxd5 Rfe8 16.h5 h6 17.Bd2 g5 18.Kb1 Ne5 19.g3 Rc4 20.Rhe1 e6 21.b3
Rcc8 22.Ne3 Nf3 23.Rf1 d5 24.exd5 exd5 25.Nxd5 Re2 26.Kc1 b5 27.Ne3 Kh7 
28.Nf5 Bf8 29.g4 Ba3+ 30.Kb1 Nxd2+ 0-1

[Event "20th WCh U20 Girls"]
[Site "Panaji IND"]
[Date "2002.12.10"]
[Round "3"]
[White "Pogonina, Natalia"]
[Black "Harika, Dronavalli"]
[Result "1/2-1/2"]
[WhiteElo "2397"]
[BlackElo "2248"]
[EventDate "2002.12.09"]
[PlyCount "85"]

1.e4 e6 2.d4 d5 3.Nd2 Nf6 4.e5 Nfd7 5.Bd3 c5 6.c3 Nc6 7.Ne2 cxd4 8.cxd4 
Qb6 9.Nf3 f6 10.exf6 Nxf6 11.O-O Bd6 12.b3 O-O 13.Bf4 Nxd4 14.Nfxd4 e5 15.
Be3 exd4 16.Bxd4 Qd8 17.Ng3 Bd7 18.Qc2 Rc8 19.Qb2 Ng4 20.h3 Nxf2 21.Bxf2 
Rxf2 22.Rxf2 Bxg3 23.Rf3 Qb6+ 24.Kh1 Bc7 25.Bf1 Qd6 26.g3 Qg6 27.Qd4 Qh5 
28.g4 Qg5 29.Re1 Bc6 30.Bg2 Qd8 31.Rf5 Qd6 32.Qg1 Rd8 33.Rd1 d4 34.Bxc6 
bxc6 35.Qg2 d3 36.Rf2 Ba5 37.Rf5 Bb6 38.Qd2 Qg3 39.Qg2 Qd6 40.Qd2 Qg3 41.
Qg2 Qd6 42.Qd2 Qg3 43.Qg2 1/2-1/2

[Event "20th WCh U20 Girls"]
[Site "Panaji IND"]
[Date "2002.12.10"]
[Round "3"]
[White "Soumya, Swaminathan"]
[Black "Jackova, Jana"]
[Result "0-1"]
[WhiteElo "2095"]
[BlackElo "2361"]
[EventDate "2002.12.09"]
[PlyCount "120"]

1.e4 e5 2.Nf3 Nc6 3.c3 Nf6 4.d4 exd4 5.e5 Ne4 6.Qe2 Nc5 7.cxd4 Ne6 8.Qd1 
Bb4+ 9.Nc3 Ne7 10.d5 Nc5 11.a3 Bxc3+ 12.bxc3 d6 13.Be3 b6 14.Bb5+ Bd7 15.
Be2 O-O 16.exd6 cxd6 17.O-O Ba4 18.Qd4 Nf5 19.Qg4 Nxe3 20.fxe3 Qe7 21.Qg5 
Rae8 22.Qxe7 Rxe7 23.Nd4 Rxe3 24.Rf3 Rfe8 25.Kf2 Rxf3+ 26.gxf3 Nb3 27.Nxb3
Bxb3 28.Bb5 Re5 29.c4 Bc2 30.a4 Bd3 31.a5 Re2+ 32.Kg3 g5 33.axb6 axb6 34.
Ra3 Rd2 35.h4 gxh4+ 36.Kxh4 Kf8 37.Kg5 Kg7 38.f4 h6+ 39.Kg4 Be2+ 40.Kf5 h5
41.Ra7 Bg4+ 42.Kg5 Rg2 43.Kh4 Rh2+ 44.Kg5 Rg2 45.Kh4 Kg6 46.Be8 Rh2+ 47.
Kg3 Rh3+ 48.Kg2 Re3 49.Bxf7+ Kf6 50.Bg8 h4 51.Rf7+ Kg6 52.Rh7 Re2+ 53.Kg1 
h3 54.Rh4 Rg2+ 55.Kh1 Kf6 56.Bh7 Bc8 57.Rh6+ Kg7 58.Rh5 Bg4 59.Rh4 Bf3 60.
Rxh3 Rg3+ 0-1

[Event "20th WCh U20 Girls"]
[Site "Panaji IND"]
[Date "2002.12.10"]
[Round "3"]
[White "Khasanova, Elmira"]
[Black "Priya Panneer, Ramachandran"]
[Result "1-0"]
[WhiteElo "2325"]
[BlackElo "2106"]
[EventDate "2002.12.09"]
[PlyCount "23"]

1.e4 e5 2.d4 exd4 3.Qxd4 Nc6 4.Qe3 d6 5.Nc3 Nf6 6.Bd2 Be6 7.O-O-O Qe7 8.
Nge2 Nd4 9.Qxd4 c5 10.Be3 Bd7 11.Qd2 Nxe4 12.Bf4 1-0

[Event "20th WCh U20 Girls"]
[Site "Panaji IND"]
[Date "2002.12.10"]
[Round "3"]
[White "Milliet, Sophie"]
[Black "Matras, Agnieszka"]
[Result "1/2-1/2"]
[WhiteElo "2164"]
[BlackElo "2247"]
[EventDate "2002.12.09"]
[PlyCount "110"]

1.Nf3 Nf6 2.c4 c6 3.e3 d5 4.Qc2 e6 5.b3 Bd6 6.Bb2 Nbd7 7.Nc3 O-O 8.Rg1 e5 
9.d3 Qe7 10.O-O-O Ba3 11.g4 Bxb2+ 12.Kxb2 dxc4 13.dxc4 e4 14.Nd2 Nc5 15.g5
Ng4 16.Ndxe4 Nxe4 17.Nxe4 f5 18.gxf6 Nxf6 19.Bd3 Bf5 20.Nc3 Bxd3 21.Rxd3 
Qe5 22.f4 Qe7 23.e4 Nh5 24.f5 Qe5 25.Rh3 Nf6 26.Rhg3 Rf7 27.Rg5 b5 28.Qg2 
Ne8 29.f6 Qxf6 30.Rf5 Qe6 31.cxb5 Rc8 32.Rxf7 Qxf7 33.Rf1 Qe6 34.Qf2 Nf6 
35.Qf5 Qxf5 36.Rxf5 cxb5 37.Rxb5 Re8 38.Ra5 Re7 39.a4 Nxe4 40.Nxe4 Rxe4 
41.Rxa7 Re2+ 42.Kc3 Rxh2 43.b4 Rh1 44.a5 h5 45.Rd7 h4 46.a6 Ra1 47.b5 h3 
48.Rd2 g5 49.Rh2 g4 50.Kd4 Kf7 51.Kc5 Ke6 52.Kc6 Kf5 53.Kb7 Kf4 54.a7 Kg3 
55.Rh1 Rxh1 1/2-1/2

[Event "20th WCh U20 Girls"]
[Site "Panaji IND"]
[Date "2002.12.10"]
[Round "3"]
[White "Trujillo Delgado, Dafnae"]
[Black "Wang Yu"]
[Result "0-1"]
[WhiteElo "2036"]
[BlackElo "2368"]
[EventDate "2002.12.09"]
[PlyCount "74"]

1.e4 e5 2.Nf3 Nc6 3.Bb5 a6 4.Ba4 Nf6 5.d3 b5 6.Bb3 Be7 7.c3 d6 8.Nbd2 O-O 
9.Nf1 Na5 10.Bc2 c5 11.Ng3 Nc6 12.O-O Re8 13.h3 h6 14.Be3 d5 15.d4 exd4 
16.cxd4 dxe4 17.Nxe4 c4 18.Qc1 Bf8 19.Nxf6+ Qxf6 20.a3 Be6 21.Be4 Bf5 22.
Bxf5 Qxf5 23.b3 Na5 24.b4 Nb3 25.Qb1 Qxb1 26.Raxb1 a5 27.Bd2 Nxd2 28.Nxd2 
axb4 29.axb4 Ra4 30.Nf3 Rxb4 31.Rxb4 Bxb4 32.Rb1 c3 33.Ne1 Re2 34.Kf1 Rb2 
35.Nd3 Ba5 36.Nc5 Rd2 37.Nb3 c2 0-1

[Event "20th WCh U20 Girls"]
[Site "Panaji IND"]
[Date "2002.12.10"]
[Round "3"]
[White "Tania, Sachdev"]
[Black "Tsai, Cindy"]
[Result "1/2-1/2"]
[WhiteElo "2189"]
[BlackElo "2204"]
[EventDate "2002.12.09"]
[PlyCount "47"]

1.e4 c5 2.Nf3 d6 3.d4 cxd4 4.Nxd4 Nf6 5.Nc3 a6 6.Bc4 e6 7.Bb3 Nbd7 8.f4 
Nc5 9.Qf3 b5 10.f5 Bd7 11.a3 Nxb3 12.cxb3 Be7 13.Be3 O-O 14.O-O Qb8 15.b4 
Qb7 16.Kh1 a5 17.bxa5 Rxa5 18.e5 Qxf3 19.Nxf3 Ng4 20.Bd2 Ra6 21.fxe6 fxe6 
22.exd6 Rxd6 23.h3 Nf6 24.Bf4 1/2-1/2

[Event "20th WCh U20 Girls"]
[Site "Panaji IND"]
[Date "2002.12.10"]
[Round "3"]
[White "Helm, Leonie"]
[Black "Vinuthna, N."]
[Result "1-0"]
[WhiteElo "2235"]
[BlackElo "2089"]
[EventDate "2002.12.09"]
[PlyCount "74"]

1.e4 c5 2.Nf3 Nc6 3.d4 cxd4 4.Nxd4 Nf6 5.Nc3 e5 6.Ndb5 d6 7.Bg5 a6 8.Na3 
b5 9.Bxf6 gxf6 10.Nd5 Bg7 11.c3 f5 12.exf5 Bxf5 13.Nc2 Be6 14.g3 O-O 15.
Bg2 a5 16.O-O f5 17.a4 b4 18.Nce3 bxc3 19.bxc3 Rb8 20.Nc4 Kh8 21.Nde3 e4 
22.Qxd6 Qxd6 23.Nxd6 Bxc3 24.Rac1 Nd4 25.Kh1 Bd2 26.Rb1 Bb3 27.Nb5 Rxb5 
28.axb5 a4 29.b6 a3 30.b7 a2 31.Nxf5 Nxf5 32.Rxb3 Rb8 33.Bxe4 Ne7 34.Ra3 
Bb4 35.Ra4 Bd6 36.Ra6 Rd8 37.Rxd6 Ra8 1-0

[Event "20th WCh U20 Girls"]
[Site "Panaji IND"]
[Date "2002.12.10"]
[Round "3"]
[White "Chandra, Koneru"]
[Black "Prathiba, Yuvarajan"]
[Result "0-1"]
[WhiteElo "2086"]
[BlackElo "2223"]
[EventDate "2002.12.09"]
[PlyCount "49"]

1.d4 e6 2.Nf3 f5 3.c3 Nf6 4.Bg5 Be7 5.Nbd2 d5 6.e3 O-O 7.Bd3 Nbd7 8.O-O 
Qe8 9.c4 c6 10.cxd5 cxd5 11.Rc1 Bd6 12.Bf4 Bxf4 13.exf4 Ne4 14.Ne5 Nxe5 
15.fxe5 Qe7 16.f3 Qg5 17.Nxe4 dxe4 18.fxe4 Qe3+ 19.Kh1 Qxd4 20.exf5 Qxb2 
21.fxe6 Bxe6 22.Bc4 Qb6 23.h3 Bxc4 24.Qd3 Qe6 25.Qxc4 0-1

[Event "20th WCh U20 Girls"]
[Site "Panaji IND"]
[Date "2002.12.10"]
[Round "3"]
[White "Ubiennykh, Ekaterina"]
[Black "Delphin, C."]
[Result "1-0"]
[WhiteElo "2210"]
[BlackElo "2084"]
[EventDate "2002.12.09"]
[PlyCount "120"]

1.d4 Nf6 2.c4 e6 3.Nc3 d5 4.Bg5 Nbd7 5.e3 Be7 6.Nf3 O-O 7.Rc1 c6 8.Bd3 Re8
9.O-O Nf8 10.Qc2 Ng6 11.Rfd1 dxc4 12.Bxc4 Nd5 13.Bxe7 Qxe7 14.a3 Bd7 15.
Bf1 Nb6 16.Ne4 Rad8 17.Nc5 Bc8 18.b4 e5 19.dxe5 Nxe5 20.Nxe5 Qxe5 21.Rxd8 
Rxd8 22.Rd1 Qe7 23.Qe4 Qf8 24.Rxd8 Qxd8 25.Qe5 Nd7 26.Qd4 Qf6 27.Qg4 Qd8 
28.Ne4 Nf8 29.Qg3 Be6 30.h4 Bd5 31.Nd6 b6 32.h5 a5 33.h6 Ng6 34.e4 Be6 35.
hxg7 Kxg7 36.Nf5+ Kg8 37.Qc3 Bxf5 38.exf5 Ne7 39.Qg3+ Kf8 40.Qh4 Qd5 41.f6
Ng8 42.Qxh7 Nxf6 43.Qh6+ Ke7 44.Qe3+ Qe4 45.Qxb6 axb4 46.axb4 Nd7 47.Qb7 
f5 48.g3 c5 49.Qxe4+ fxe4 50.b5 Kd6 51.Be2 Ne5 52.Kf1 c4 53.Ke1 Kc5 54.Kd2
Kxb5 55.Ke3 Nd3 56.f4 exf3 57.Bxd3 cxd3 58.Kxd3 f2 59.Ke2 f1=Q+ 60.Kxf1 
Kc5 1-0

[Event "20th WCh U20 Girls"]
[Site "Panaji IND"]
[Date "2002.12.10"]
[Round "3"]
[White "Nilavoli, Hariharan"]
[Black "Karavade, Eesha"]
[Result "0-1"]
[WhiteElo "2064"]
[BlackElo "2171"]
[EventDate "2002.12.09"]
[PlyCount "112"]

1.e4 c5 2.Nf3 d6 3.d4 cxd4 4.Nxd4 Nf6 5.Nc3 a6 6.Be2 e5 7.Nb3 Be7 8.O-O 
O-O 9.Be3 Be6 10.a4 Nbd7 11.f3 Qc7 12.Rf2 Nb6 13.a5 Nc4 14.Bxc4 Qxc4 15.
Rd2 Rfd8 16.Na4 Qc6 17.Nb6 Rab8 18.Nd5 Bxd5 19.exd5 Qc4 20.Nc1 Nd7 21.Na2 
f5 22.g3 Bf6 23.Nc3 b5 24.axb6 Nxb6 25.Qe2 Qxe2 26.Rxe2 Nc4 27.Nd1 Nxe3 
28.Nxe3 Rxb2 29.Rxa6 Rb1+ 30.Kg2 g6 31.c4 Rc1 32.Rc6 Rd7 33.Rc2 Rxc2+ 34.
Nxc2 Be7 35.Nb4 Rb7 36.Na6 Rb2+ 37.Kg1 Rd2 38.Rc8+ Kf7 39.Nc7 e4 40.fxe4 
fxe4 41.h3 e3 42.Kf1 Rf2+ 43.Ke1 Rg2 44.Rh8 Bf6 45.Re8 Be5 46.Re6 Bxg3+ 
47.Kd1 Rd2+ 48.Kc1 Bf4 49.Re4 Rf2 50.Kd1 Kf6 51.Ne6 Rd2+ 52.Kc1 Bh6 53.c5 
Kf5 54.c6 Kxe4 55.c7 e2 56.Ng5+ Bxg5 0-1

[Event "20th WCh U20 Girls"]
[Site "Panaji IND"]
[Date "2002.12.10"]
[Round "3"]
[White "Bjerke, Silje"]
[Black "Savic, Marijana"]
[Result "1/2-1/2"]
[WhiteElo "2065"]
[BlackElo "2141"]
[EventDate "2002.12.09"]
[PlyCount "75"]

1.d4 Nf6 2.c4 e6 3.Nc3 d5 4.Nf3 Bb4 5.cxd5 exd5 6.a3 Bxc3+ 7.bxc3 Ne4 8.
Qb3 Nc6 9.e3 O-O 10.Bd3 Re8 11.O-O Na5 12.Qc2 c6 13.Nd2 Bf5 14.Rb1 b5 15.
Nb3 Nxb3 16.Rxb3 Bg6 17.Bxe4 Bxe4 18.Qe2 Qd6 19.f3 Bf5 20.Qf2 Re6 21.e4 
dxe4 22.fxe4 Bxe4 23.Qxf7+ Kh8 24.Rb2 Bd3 25.Bf4 Qxa3 26.Be5 Rxe5 27.Rb3 
Rf5 28.Qxf5 Qxb3 29.Qxd3 h6 30.Rf3 a5 31.Qg6 Qc4 32.g4 a4 33.g5 Qe2 34.
Qxc6 Re8 35.gxh6 Qe1+ 36.Rf1 Qe3+ 37.Kg2 Qe2+ 38.Kg1 1/2-1/2

[Event "20th WCh U20 Girls"]
[Site "Panaji IND"]
[Date "2002.12.10"]
[Round "3"]
[White "Kasturi, M."]
[Black "Nimmy, A. G."]
[Result "1-0"]
[WhiteElo "2158"]
[BlackElo "2004"]
[EventDate "2002.12.09"]
[PlyCount "127"]

1.e4 e5 2.Nf3 Nc6 3.Bb5 a6 4.Ba4 Nf6 5.d3 d6 6.c3 g6 7.Nbd2 Bg7 8.Nf1 h6 
9.Ne3 O-O 10.O-O b5 11.Bc2 d5 12.Re1 Bb7 13.a4 dxe4 14.dxe4 Qxd1 15.Rxd1 
Rad8 16.Nd2 Rfe8 17.f3 Bf8 18.b4 Na7 19.Nb3 bxa4 20.Rxa4 Nb5 21.Bb2 Rxd1+ 
22.Nxd1 Nd7 23.c4 Nd6 24.Na5 Bc8 25.c5 Nb5 26.Ne3 Nb8 27.Nd5 Bg7 28.Kf2 
Rd8 29.Ra1 c6 30.Ne3 f5 31.Bb3+ Kf8 32.Rd1 Nd4 33.Bxd4 exd4 34.Nec4 fxe4 
35.fxe4 Ke7 36.h3 Be6 37.Ke2 h5 38.Nd6 Rf8 39.Bxe6 Kxe6 40.Nb3 Nd7 41.
Nxd4+ Bxd4 42.Rxd4 Rb8 43.Kd2 a5 44.Kc3 axb4+ 45.Rxb4 Ra8 46.Nb7 Ne5 47.
Rd4 Ke7 48.Nd6 Nd7 49.Nb7 Ne5 50.Rb4 Ke6 51.Rd4 Ke7 52.Rd6 Ra4 53.Rd4 Ra8 
54.Rd2 Ra4 55.Nd6 Nd7 56.Nc8+ Ke8 57.Rxd7 Ra2 58.Rd2 Ra3+ 59.Kb4 Re3 60.
Nd6+ Ke7 61.Kc4 Ke6 62.Kd4 Ra3 63.e5 Ra4+ 64.Nc4 1-0

[Event "20th WCh U20 Girls"]
[Site "Panaji IND"]
[Date "2002.12.10"]
[Round "3"]
[White "Coimbra, Margarida Goncalves"]
[Black "Rajadharshini, M."]
[Result "1/2-1/2"]
[WhiteElo "2082"]
[BlackElo "2045"]
[EventDate "2002.12.09"]
[PlyCount "82"]

1.e4 c6 2.d4 d5 3.exd5 cxd5 4.Bd3 Nc6 5.c3 Nf6 6.Bf4 Bg4 7.Qb3 Qc8 8.Nd2 
Bh5 9.Ngf3 Bg6 10.Bxg6 hxg6 11.Ne5 e6 12.Ndf3 Be7 13.O-O O-O 14.Rae1 Nxe5 
15.Nxe5 Ne4 16.f3 Nd6 17.Qc2 b5 18.Re2 Nc4 19.Nd3 a5 20.a3 Ra6 21.Bc1 Rc6 
22.Qb1 Qc7 23.b4 axb4 24.axb4 Ra8 25.Rff2 Qa7 26.Ra2 Ra6 27.Rxa6 Qxa6 28.
Nc5 Qa1 29.Qxa1 Rxa1 30.Rf1 Bd6 31.g3 Ra2 32.Rf2 Ra1 33.Rf1 Be7 34.Nb3 Rb1
35.Nd2 Nxd2 36.Bxd2 Rxf1+ 37.Kxf1 Kf8 38.Ke2 Bd6 39.Be3 Ke7 40.f4 f6 41.
Kf3 Kf7 1/2-1/2

[Event "20th WCh U20 Girls"]
[Site "Panaji IND"]
[Date "2002.12.10"]
[Round "3"]
[White "Rajalakshmi, C. V."]
[Black "Holusova, Tana"]
[Result "1-0"]
[WhiteElo "2018"]
[BlackElo "2106"]
[EventDate "2002.12.09"]
[PlyCount "61"]

1.c4 e5 2.Nc3 Nf6 3.Nf3 Nc6 4.e4 Bc5 5.Nxe5 Bxf2+ 6.Kxf2 Nxe5 7.d4 Neg4+ 
8.Kg1 Qe7 9.e5 Nxe5 10.h3 Ng6 11.Bg5 c6 12.Qd2 O-O 13.Re1 Qd8 14.h4 h6 15.
h5 hxg5 16.hxg6 d5 17.cxd5 cxd5 18.Qxg5 fxg6 19.Qxg6 Qb6 20.Rh4 Be6 21.Bd3
Bf7 22.Qf5 Rae8 23.Rf1 Re3 24.Bc2 Rfe8 25.Qf2 Qe6 26.Bf5 Qe7 27.g4 Qc7 28.
Kg2 Rxc3 29.bxc3 Qc4 30.Re1 Re4 31.Rxe4 1-0

[Event "20th WCh U20 Girls"]
[Site "Panaji IND"]
[Date "2002.12.11"]
[Round "4"]
[White "Kosintseva, Tatiana"]
[Black "Pogonina, Natalia"]
[Result "1-0"]
[WhiteElo "2427"]
[BlackElo "2397"]
[EventDate "2002.12.09"]
[PlyCount "119"]

1.e4 c5 2.Nf3 d6 3.d4 cxd4 4.Nxd4 Nf6 5.Nc3 g6 6.Be3 Bg7 7.f3 O-O 8.Qd2 
Nc6 9.Bc4 Bd7 10.O-O-O Rc8 11.Bb3 Ne5 12.Kb1 b5 13.Ndxb5 a6 14.Nd4 Nc4 15.
Bxc4 Rxc4 16.g4 Qb8 17.g5 Nh5 18.Nce2 Rfc8 19.c3 a5 20.Rc1 a4 21.Ng3 a3 
22.b3 R4c7 23.Nxh5 gxh5 24.Rc2 e6 25.Rhc1 Rb7 26.Ne2 d5 27.Ng3 Bc6 28.Nxh5
dxe4 29.Nxg7 Kxg7 30.f4 Kg8 31.Qd4 Rb5 32.c4 Rf5 33.Rd2 Re8 34.Rcd1 e5 35.
fxe5 Rf3 36.Qc5 Qxe5 37.Qxe5 Rxe5 38.Rd8+ Be8 39.Re1 Re6 40.Kc2 Kg7 41.Kd2
f5 42.gxf6+ Kxf6 43.Rg1 Bg6 44.c5 Ke7 45.Ra8 Re5 46.c6 Rd5+ 47.Ke2 Bh5 48.
Ra7+ Kd6 49.Rxh7 Rf7+ 50.Rxh5 Rxh5 51.Rg6+ Kc7 52.Bg1 Rh3 53.b4 e3 54.Re6 
Rg7 55.Bxe3 Rxh2+ 56.Kd3 Rxa2 57.b5 Rb2 58.Bf4+ Kd8 59.Be5 Re7 60.Rxe7 1-0

[Event "20th WCh U20 Girls"]
[Site "Panaji IND"]
[Date "2002.12.11"]
[Round "4"]
[White "Tian Tian"]
[Black "Humpy, Koneru"]
[Result "0-1"]
[WhiteElo "2311"]
[BlackElo "2484"]
[EventDate "2002.12.09"]
[PlyCount "118"]

1.e4 e5 2.Nf3 Nf6 3.Nxe5 d6 4.Nf3 Nxe4 5.Nc3 Nf6 6.d4 Be7 7.Bb5+ c6 8.Be2 
O-O 9.a4 d5 10.O-O a5 11.Ne5 Na6 12.Bf3 Re8 13.Bf4 Qb6 14.Qd2 Bf5 15.g4 
Be6 16.Nd1 Ne4 17.Bxe4 dxe4 18.Ne3 Nb4 19.N5c4 Qd8 20.c3 Nd5 21.Nxd5 cxd5 
22.Ne3 h5 23.f3 exf3 24.gxh5 Bg5 25.Rxf3 Bxf4 26.Rxf4 Qg5+ 27.Ng2 Bh3 28.
Rf2 Qxh5 29.Kh1 Bf5 30.Qf4 Be4 31.Raf1 f5 32.Kg1 Ra6 33.Qh4 Qf7 34.Nf4 Rh6
35.Qg5 Ree6 36.Qd8+ Kh7 37.Nxe6 Qxe6 38.Rd1 Rg6+ 39.Kf1 Qa6+ 40.Re2 Bf3 
41.Rd2 Rg4 42.Qe8 Bxe2+ 43.Rxe2 Qh6 44.Qe3 Qh4 45.Rf2 Re4 46.Qd3 Kg8 47.b3
Qg5 48.Qd2 Qg4 49.Qd3 f4 50.Qf3 Qe6 51.Re2 Qf5 52.h3 Kf7 53.c4 Rxd4 54.Rf2
g5 55.cxd5 Qxd5 56.Qh5+ Kg7 57.Re2 Qh1+ 58.Kf2 Qh2+ 59.Kf1 Rd1+ 0-1

[Event "20th WCh U20 Girls"]
[Site "Panaji IND"]
[Date "2002.12.11"]
[Round "4"]
[White "Kosintseva, Nadezhda"]
[Black "Wang Yu"]
[Result "1/2-1/2"]
[WhiteElo "2388"]
[BlackElo "2368"]
[EventDate "2002.12.09"]
[PlyCount "120"]

1.e4 e5 2.Nf3 Nf6 3.Nc3 Nc6 4.Bb5 Nd4 5.Bd3 Nxf3+ 6.Qxf3 d6 7.Be2 g6 8.d3 
Bg7 9.Qg3 Be6 10.f4 exf4 11.Bxf4 O-O 12.d4 Qd7 13.Rd1 d5 14.e5 Ne8 15.O-O 
c6 16.Bd3 f6 17.Ne2 fxe5 18.Bxe5 Rxf1+ 19.Rxf1 Bxe5 20.Qxe5 Ng7 21.Nf4 Re8
22.Nxe6 Qxe6 23.Qf4 Qe3+ 24.Qxe3 Rxe3 25.Kf2 Re7 26.Re1 Rxe1 27.Kxe1 Kf7 
28.Kf2 Kf6 29.c3 h6 30.Ke3 Nf5+ 31.Kf3 Nh4+ 32.Kf2 Nf5 33.g3 Nd6 34.Kf3 
Ne8 35.Bf1 Nd6 36.Bd3 Ne8 37.Bf1 Nd6 38.Bh3 Nf5 39.Ke2 Nd6 40.Kd3 Ke7 41.
Bg2 Ne8 42.b3 Nf6 43.c4 Kd6 44.c5+ Kc7 45.b4 g5 46.Bf3 Kd8 47.Ke3 Kc7 48.
h4 Kd8 49.Bg2 Kc7 50.hxg5 hxg5 51.a3 Kd8 52.Bf3 Kc7 53.a4 Kd8 54.Bg2 Kc7 
55.Bf3 Kd8 56.Bg2 Kc7 57.a5 a6 58.Bf3 Kd8 59.Kf2 Kc7 60.Ke3 Kd8 1/2-1/2

[Event "20th WCh U20 Girls"]
[Site "Panaji IND"]
[Date "2002.12.11"]
[Round "4"]
[White "Khasanova, Elmira"]
[Black "Kasturi, M."]
[Result "1-0"]
[WhiteElo "2325"]
[BlackElo "2158"]
[EventDate "2002.12.09"]
[PlyCount "55"]

1.d4 d6 2.e4 e5 3.Nf3 exd4 4.Nxd4 g6 5.Nc3 Bg7 6.Be3 Nf6 7.Qd2 O-O 8.O-O-O
Re8 9.f3 Nc6 10.g4 Ne5 11.Qf2 a6 12.h4 b5 13.h5 b4 14.Nce2 c5 15.Nb3 c4 
16.Nbd4 c3 17.b3 Qa5 18.Kb1 Bxg4 19.hxg6 fxg6 20.fxg4 Nexg4 21.Qf3 Nxe3 
22.Qxe3 Nxe4 23.Qc1 Nf2 24.Nf4 Nxd1 25.Bc4+ Kf8 26.Nxg6+ hxg6 27.Qf4+ Ke7 
28.Qf7+ 1-0

[Event "20th WCh U20 Girls"]
[Site "Panaji IND"]
[Date "2002.12.11"]
[Round "4"]
[White "Jackova, Jana"]
[Black "Priyadarshini, M."]
[Result "1-0"]
[WhiteElo "2361"]
[BlackElo "2097"]
[EventDate "2002.12.09"]
[PlyCount "171"]

1.e4 c6 2.d4 d5 3.Nd2 dxe4 4.Nxe4 Bf5 5.Ng3 Bg6 6.h4 h6 7.Nf3 Nd7 8.h5 Bh7
9.Bd3 Bxd3 10.Qxd3 Qc7 11.Bd2 e6 12.O-O-O Ngf6 13.Kb1 O-O-O 14.Qb3 Bd6 15.
Ne2 c5 16.c3 Kb8 17.Be3 c4 18.Qc2 Ka8 19.Nd2 Rc8 20.g3 Qa5 21.b4 Qd5 22.
Bf4 Be7 23.Be5 Nxe5 24.Nf4 Qd6 25.dxe5 Qxe5 26.Rde1 Qc7 27.Nf1 Qc6 28.Ne3 
Qe4 29.Kb2 Qxc2+ 30.Kxc2 Bd6 31.Ne2 Rc7 32.Rd1 Be7 33.f3 Rd8 34.Rxd8+ Bxd8
35.Rd1 Be7 36.g4 Ne8 37.Rd4 b5 38.a4 a6 39.Rd1 Nd6 40.axb5 axb5 41.Nd4 Kb7
42.f4 Kb6 43.Kb2 Rc8 44.f5 Bg5 45.Nxe6 fxe6 46.Rxd6+ Rc6 47.Rxe6 Bxe3 48.
Rxe3 Rc7 49.Re6+ Kb7 50.Kc2 Rd7 51.f6 gxf6 52.Rxf6 Rg7 53.Rg6 Rh7 54.Kd2 
Rd7+ 55.Ke2 Rh7 56.Ke3 Re7+ 57.Kd4 Rd7+ 58.Kc5 Rd3 59.Rxh6 Rxc3 60.Kxb5 
Rg3 61.Kxc4 Rxg4+ 62.Kb5 Rg5+ 63.Ka4 Rf5 64.b5 Rf1 65.Re6 Rh1 66.h6 Rg1 
67.Ka5 Ra1+ 68.Kb4 Rc1 69.Rg6 Rc2 70.b6 Rc1 71.Kb5 Rb1+ 72.Kc5 Rc1+ 73.Kd5
Re1 74.Re6 Ra1 75.Ke5 Rh1 76.Kf5 Rg1 77.Rg6 Rf1+ 78.Kg5 Rg1+ 79.Kf6 Rf1+ 
80.Kg7 Rd1 81.h7 Rd7+ 82.Kh6 Rd8 83.Rg8 Rd6+ 84.Kg5 Rd5+ 85.Kf4 Rd4+ 86.
Ke5 1-0

[Event "20th WCh U20 Girls"]
[Site "Panaji IND"]
[Date "2002.12.11"]
[Round "4"]
[White "Zigangirova, Sofya"]
[Black "Tania, Sachdev"]
[Result "1/2-1/2"]
[WhiteElo "2241"]
[BlackElo "2189"]
[EventDate "2002.12.09"]
[PlyCount "51"]

1.e4 c5 2.Nf3 e6 3.d4 cxd4 4.Nxd4 a6 5.Bd3 Nf6 6.O-O d6 7.Kh1 Be7 8.f4 Qc7
9.Nc3 Nbd7 10.Be3 O-O 11.a4 b6 12.Qf3 Bb7 13.Rae1 Nc5 14.Bd2 Qd7 15.Qh3 
Nxd3 16.cxd3 Rfc8 17.Re3 Bf8 18.Rg3 b5 19.axb5 axb5 20.Ndxb5 Rc5 21.Rg5 g6
22.b4 Rxg5 23.fxg5 Ne8 24.Nd4 Bg7 25.Nde2 Nc7 26.Nf4 1/2-1/2

[Event "20th WCh U20 Girls"]
[Site "Panaji IND"]
[Date "2002.12.11"]
[Round "4"]
[White "Karavade, Eesha"]
[Black "Helm, Leonie"]
[Result "1/2-1/2"]
[WhiteElo "2171"]
[BlackElo "2235"]
[EventDate "2002.12.09"]
[PlyCount "52"]

1.Nf3 Nf6 2.c4 g6 3.Nc3 Bg7 4.g3 O-O 5.Bg2 d6 6.O-O Nc6 7.Rb1 e5 8.d3 h6 
9.b4 Be6 10.b5 Ne7 11.Nd2 Rb8 12.Qa4 Nc8 13.Ba3 Nd7 14.Bb4 f5 15.Nb3 b6 
16.Nd5 Nc5 17.Nxc5 dxc5 18.Bc3 Qd7 19.Qa3 Rf7 20.e3 a5 21.Qb2 Ne7 22.e4 
Qd6 23.f4 exf4 24.gxf4 Bxc3 25.Qxc3 Bxd5 26.exd5 Rf6 1/2-1/2

[Event "20th WCh U20 Girls"]
[Site "Panaji IND"]
[Date "2002.12.11"]
[Round "4"]
[White "Prathiba, Yuvarajan"]
[Black "Milliet, Sophie"]
[Result "0-1"]
[WhiteElo "2223"]
[BlackElo "2164"]
[EventDate "2002.12.09"]
[PlyCount "50"]

1.e4 e6 2.d4 d5 3.Nd2 Nf6 4.e5 Nfd7 5.f4 c5 6.c3 Nc6 7.Ndf3 Qb6 8.a3 a5 9.
b3 Be7 10.g3 f6 11.Bh3 cxd4 12.cxd4 fxe5 13.fxe5 O-O 14.Qd3 Ndb8 15.Ne2 
Rxf3 16.Qxf3 Nxd4 17.Qc3 Nbc6 18.Nxd4 Nxd4 19.Rb1 Bd7 20.Bb2 Nb5 21.Qd3 
Nxa3 22.Rd1 Bb4+ 23.Bc3 Bb5 24.Qd2 Nc2+ 25.Qxc2 Qe3+ 0-1

[Event "20th WCh U20 Girls"]
[Site "Panaji IND"]
[Date "2002.12.11"]
[Round "4"]
[White "Churun, Polina"]
[Black "Ubiennykh, Ekaterina"]
[Result "0-1"]
[WhiteElo "2162"]
[BlackElo "2210"]
[EventDate "2002.12.09"]
[PlyCount "60"]

1.e4 c5 2.Nf3 e6 3.d4 cxd4 4.Nxd4 a6 5.Bd3 Bc5 6.Nb3 Be7 7.O-O d6 8.Nc3 
Nf6 9.Qe2 Nc6 10.Kh1 b5 11.a3 Bb7 12.f4 h5 13.Bd2 h4 14.h3 Nh5 15.Be1 Qc7 
16.Qg4 O-O-O 17.Nd5 Nf6 18.Nxe7+ Qxe7 19.Qe2 e5 20.a4 exf4 21.axb5 axb5 
22.Rxf4 Rde8 23.Bxh4 Qe5 24.Rf5 Qxf5 25.exf5 Rxe2 26.Bxf6 Rxh3+ 27.Kg1 
Rxd3 28.Ra2 Rd4 29.c3 Rf2 30.Ra1 Rxf5 0-1